Todos para uno y uno para todos / (Record no. 96332)
[ view plain ]
| 000 -CABECERA | |
|---|---|
| campo de control de longitud fija | 00756nam a2200229 a 4500 |
| 005 - FECHA Y HORA DE LA ÚLTIMA TRANSACCIÓN | |
| campo de control | 20240910064107.0 |
| 008 - ELEMENTOS DE LONGITUD FIJA--INFORMACIÓN GENERAL | |
| campo de control de longitud fija | 030514s2005 es r 000 0 spa d |
| 020 ## - NÚMERO INTERNACIONAL NORMALIZADO PARA LIBROS | |
| Número Internacional Estándar del Libro | 843168142X |
| 035 ## - NÚMERO DE CONTROL DEL SISTEMA | |
| Número de control de sistema | UPN01000124153 |
| 049 ## - COLECCIÓN | |
| Colección | I |
| 050 #4 - SIGNATURA TOPOGRÁFICA DE LA BIBLIOTECA DEL CONGRESO | |
| Número de clasificación | PZ76.3 |
| Número de documento/Ítem | W4.7 |
| 100 1# - ASIENTO PRINCIPAL--NOMBRE PERSONAL | |
| Nombre de persona | Weninger, Brigitte |
| 245 10 - MENCIÓN DE TÍTULO | |
| Título | Todos para uno y uno para todos / |
| Mención de responsabilidad, etc. | Brigitte Weninger ; il. Eve Tharlet ; tr. Miguel Tristán. |
| 260 ## - PUBLICACIÓN, DISTRIBUCIÓN, ETC. | |
| Lugar de publicación, distribución, etc. | Barcelona, Esp. : |
| Nombre del editor, distribuidor, etc. | Vicens Vives, |
| Fecha de publicación, distribución, etc. | 2005. |
| 300 ## - DESCRIPCIÓN FÍSICA | |
| Extensión | [26] p. : |
| Otras características físicas | principalmente il. col. |
| 534 ## - NOTA SOBRE LA VERSIÓN ORIGINAL | |
| Frase introductoria | Título original : |
| Mención de título del original | Einer für alle-alle für einen! |
| 650 #0 - ASIENTO SECUNDARIO DE MATERIA - TERMINO TEMATICO | |
| Término de materia o nombre geográfico como elemento de entrada | Animales |
| Subdivisión de forma | Cuentos y leyendas |
| 9 (RLIN) | 234 |
| 650 #4 - ASIENTO SECUNDARIO DE MATERIA - TERMINO TEMATICO | |
| Término de materia o nombre geográfico como elemento de entrada | Libros y lectura para niños |
| 9 (RLIN) | 2290 |
| 650 #7 - ASIENTO SECUNDARIO DE MATERIA - TERMINO TEMATICO | |
| Término de materia o nombre geográfico como elemento de entrada | Amistad |
| Fuente del encabezamiento o término | |
| 9 (RLIN) | 4317 |
| 700 1# - ASIENTO SECUNDARIO--NOMBRE DE PERSONAL | |
| Nombre de persona | Tharlet, Eve, |
| Término indicativo de función/relación | il. |
| 905 ## - TIPO DE MATERIAL | |
| Tipo de material | Infantil |
| Estado de retiro | Estado de pérdida | Fuente del sistema de clasificación o colocación | Estado dañado | No para préstamo | Código de colección | Localización permanente | Ubicación/localización actual | Ubicación en estantería | Total de préstamos | Clasificación | Código de barras | Fecha visto por última vez | Número de copia | Tipo de ítem Koha |
|---|---|---|---|---|---|---|---|---|---|---|---|---|---|---|
| Library of Congress Classification | Infantil | Bib. Gregorio Torres Quintero | Bib. Gregorio Torres Quintero | Sala infantil Planta baja | 7 | PZ76.3 W4.7 | 257969 | 31/12/2020 | 1 | Libro | ||||
| Library of Congress Classification | Infantil | Bib. Gregorio Torres Quintero | Bib. Gregorio Torres Quintero | Sala infantil Planta baja | PZ76.3 W4.7 | 296827 | 31/12/2020 | 1 | Libro | |||||
| Library of Congress Classification | Infantil | Bib. Gregorio Torres Quintero | Bib. Gregorio Torres Quintero | Sala infantil Planta baja | 2 | PZ76.3 W4.7 | 296826 | 31/12/2020 | 1 | Libro | ||||
| Library of Congress Classification | Infantil | Bib. Gregorio Torres Quintero | Bib. Gregorio Torres Quintero | Sala infantil Planta baja | 2 | PZ76.3 W4.7 | 281141 | 31/12/2020 | 1 | Libro |
